000 00690nam a2200277Ia 4500
005 20260324122129.0
008 008 260324s9999 xx 000 0 eng d
020 _a9781315589534
037 _aEBOOK
040 _aCRL
040 _beng
040 _cCRL
041 _2eng
041 _aeng
084 _qCRL
100 _aTherese Wilson
_91165234
245 0 _aInternational Responses to Issues of Credit and Over-indebtedness in the Wake of Crisis
260 _bTaylor and Francis
260 _c2013
365 _a
365 _b240
856 _uhttp://www.taylorfrancis.com/books/9781315589534
942 _cEBOOK
999 _c1757748
_d1757748